00535nam a2200193 a 4500001001300000003000900013005001700022008004100039020002300080082001300103100002100116245006100137260004300198300000900241500003500250505001000285650002500295700002100320nice12345678IN_TiNIC20260116014028.0070416s2002 lona grp 000 0 eng  a0415253829 c29500a809bCUL aCuller, Janathan aPursuit of Singsb Semiotics, Literature, Deconstruction aLondon bRoutledge Chapman Hall c2002 a272p aincludes index and biblioraphy2 aIndex aLiterature-Criticism1 aCuller, Janathan